00630nam a2200169Ia 4500008004100000020001800041082001700059100002000076245007300096260003800169300001000207500004800217650005300265700003100318952009400349999001700443120622s9999 xx 000 0 und d a950-518-301-1 a153.32 D931l aDurand, Gilbert aLa imaginación simbólica / Gilbert Durand ; tr. de Marta Rojzman aBuenos Aires : Amorrortu Editores a147 p aTítulo original: L'Imagination simbolique a1. IMAGINACIÓN \ 2. SIMBOLISMO (PSICOLOGÍA) aI. Rojzman, Marta ; tr.Ì 00104070a01b01d2008-09-05l0o153.32 D931Lp01 011499r2012-06-24t1w2012-06-24yLB c60578d60578